Chess Pieces From English To Spanish - Statistics

General Stats
  • This quiz has been taken 26 times
  • The average score is 3 of 6
Answer Stats
English Spanish % Correct
King Rey
88%
Pawn Peón
59%
Bishop Alfil
47%
Knight Caballo
47%
Queen Dama
47%
Rook Torre
35%
No matching quizzes found
Score Distribution
Percent of People with Each Score
Percentile by Number Answered
Your Score History
You have not taken this quiz